01458nam a2200337Ia 4500001001200000003000800012006001900020007001500039008004100054015001900095020002400114020002400138040002100162035002100183050002500204082001600229245014000245260012100385300002400506490005500530504005100585533015200636650003300788650001900821655002900840700003500869710001700904830005600921856012600977999001701103ebr10151326CaPaEBRm u cr cn|||||||||060308s2006 mnua sb 001 0 eng d aGBA6346552bnb z0816646422 (hbk.) : z0816646430 (pbk.) : aCaPaEBRcCaPaEBR a(OCoLC)19193563314aHN17.5b.G582 2006eb04a303.48422200aGlobalization from belowh[electronic resource] :btransnational activists and protest networks /cDonatella della Porta ... [et. al.]. aMinneapolis, Minn. :bUniversity of Minnesota Press ;aBristol :bUniversity Presses Marketing [distributor],c2006. axiv, 300 p. :bill.1 aSocial movements, protest, and contention ;vv. 26 aIncludes bibliographical references and index. aElectronic reproduction.bPalo Alto, Calif. :cebrary,d2009.nAvailable via World Wide Web.nAccess may be limited to ebrary affiliated libraries. 0aAnti-globalization movement. 0aGlobalization. 7aElectronic books.2local1 aDella Porta, Donatella,d1956-2 aebrary, Inc. 0aSocial movements, protest, and contention ;vv. 26.40uhttp://site.ebrary.com/lib/rucke/Doc?id=10151326zAn electronic book accessible through the World Wide Web; click to view c95247d95247